Khrushchev : The road to power
Сохранить в:
| Главный автор: | |
|---|---|
| Формат: | |
| Язык: | Undetermined |
| Опубликовано: |
London
Secker & Warburg
1960
|
| Метки: |
Добавить метку
Нет меток, Требуется 1-ая метка записи!
|
| Thư viện lưu trữ: | Trung tâm Học liệu Trường Đại học Cần Thơ |
|---|
| LEADER | 00496nam a2200181Ia 4500 | ||
|---|---|---|---|
| 001 | CTU_85037 | ||
| 008 | 210402s9999 xx 000 0 und d | ||
| 082 | |a 923.247 | ||
| 082 | |b P113 | ||
| 100 | |a Pálóczi-Horváth, György | ||
| 245 | 0 | |a Khrushchev : | |
| 245 | 4 | |b The road to power | |
| 245 | 0 | |c György Pálóczi-Horváth | |
| 260 | |a London | ||
| 260 | |b Secker & Warburg | ||
| 260 | |c 1960 | ||
| 904 | |i Nguyên, QHieu | ||
| 980 | |a Trung tâm Học liệu Trường Đại học Cần Thơ | ||